History Quiz

Random History or Letter Quiz
Score 0/29 Timer 03:00
4 Plays Today
% Correct
Barack Obama
98.4%
George W. Bush
97.4%
George H. W. Bush
97.3%
Donald Trump
94.9%
John F. Kennedy
94.9%
John Adams
93.7%
John Quincy Adams
93.7%
Theodore Roosevelt
92.4%
Franklin D. Roosevelt
92.3%
Ronald Reagan
91.8%
Lyndon B. Johnson
90.3%
Andrew Johnson
90.2%
Jimmy Carter
89%
Thomas Jefferson
88%
Gerald Ford
87.4%
% Correct
Andrew Jackson
82.5%
Harry S. Truman
79.6%
Herbert Hoover
79.3%
William H. Taft
78%
Ulysses S. Grant
78%
James Monroe
77.5%
James K. Polk
76.9%
John Tyler
68.2%
Grover Cleveland
66.9%
Martin Van Buren
66.5%
Zachary Taylor
66.3%
James Buchanan
63.1%
Rutherford B. Hayes
55.5%
Chester A. Arthur
55.2%
Remove Ads.
Support Sporcle.
Get the best of Sporcle when you Go Orange. This ad-free experience offers more features, more stats, and more fun while also helping to support Sporcle. Thank you for becoming a member.

You're not logged in!

Compare scores with friends on all Sporcle quizzes.
OR
Log In

Show Comments

Extras

Top Quizzes Today


Score Distribution

Your Account Isn't Verified!

In order to create a playlist on Sporcle, you need to verify the email address you used during registration. Go to your Sporcle Settings to finish the process.

Report this User

Report this user for behavior that violates our Community Guidelines.

Details: